[Event "Medellin Sub zt 2.3.2"]
[Site "Medellin"]
[Date "2025.04.18"]
[Round "7"]
[White "Paula Valerio, Aarony Miguel"]
[Black "Gaona Ballesteros, Andres"]
[Result "1-0"]
[WhiteElo "1727"]
[BlackElo "1858"]
[PlyCount "77"]
[EventDate "2025.04.14"]
[EventType "swiss"]
[EventRounds "9"]
[EventCountry "COL"]
[SourceTitle "CB18_2025"]
[SourceDate "2025.04.30"]
[SourceVersion "1"]
[SourceVersionDate "2025.04.30"]
[SourceQuality "1"]

1. d4 Nf6 2. Nf3 d5 3. e3 c5 4. b3 cxd4 5. exd4 Bg4 6. h3 Bh5 7. g4 Bg6 8. Ne5 Nfd7 9. Nxg6 hxg6 10. Bb2 Nc6 11. Bg2 e6 12. Nd2 Be7 13. a3 a5 14. Qe2 Qb6 15. Nf3 a4 16. b4 Na5 17. bxa5 Qxb2 18. 0-0 Rxa5 19. Qd2 Qb6 20. Rfb1 Rb5 21. Rxb5 Qxb5 22. c3 0-0 23. Qc2 Rc8 24. Rb1 Qa5 25. Rxb7 Rxc3 26. Qd2 Bxa3 27. Rxd7 Rc1+ 28. Kh2 Qxd2 29. Nxd2 Rc2 30. Nf3 Bc1 31. Ra7 a3 32. Kg3 a2 33. h4 f6 34. g5 e5 35. dxe5 fxe5 36. Nxe5 Rc3+ 37. Kg4 Ra3 38. Rxa3 Bxa3 39. Bxd5+ 1-0

[Event "Medellin Sub zt 2.3.2"]
[Site "Medellin"]
[Date "2025.04.16"]
[Round "4"]
[White "Paula Valerio, Aarony Miguel"]
[Black "Londono Zamora, Duberney"]
[Result "1-0"]
[WhiteElo "1727"]
[BlackElo "1899"]
[PlyCount "77"]
[EventDate "2025.04.14"]
[EventType "swiss"]
[EventRounds "9"]
[EventCountry "COL"]
[SourceTitle "CB18_2025"]
[SourceDate "2025.04.30"]
[SourceVersion "1"]
[SourceVersionDate "2025.04.30"]
[SourceQuality "1"]

1. d4 d5 2. Nf3 Nf6 3. e3 e6 4. Bd3 c5 5. b3 Nc6 6. 0-0 Be7 7. Bb2 0-0 8. Nbd2 Bd7 9. Ne5 Rc8 10. a3 Qb6 11. dxc5 Qxc5 12. Nxd7 Nxd7 13. b4 Qd6 14. f4 Bf6 15. Bxf6 Nxf6 16. g4 g6 17. Qf3 Kg7 18. f5 e5 19. g5 Nh5 20. f6+ Kh8 21. Be2 Nd8 22. Qh3 Rxc2 23. Bxh5 Rxd2 24. Bg4 e4 25. Rac1 Nc6 26. Qh6 Rg8 27. Rf4 Qf8 28. Qh3 a6 29. Bd1 Rxd1+ 30. Rxd1 h5 31. Rh4 Rg7 32. fxg7+ Qxg7 33. Qf1 Ne5 34. Rf4 Nf3+ 35. Rxf3 exf3 36. Qxf3 Kh7 37. Qf6 Qf8 38. Rxd5 Qe8 39. Kf2 1-0